| 000 | 00000nam##2200000za#4500 |
| 001 | 9.640635 |
| 003 | CaOODSP |
| 005 | 20210624222754 |
| 007 | cr ||||||||||| |
| 008 | 150407|1997||||xxc|||||o f|0| 0 fre|d |
| 040 | |aCaOODSP|bfre |
| 043 | |an-cn--- |
| 086 | 1 |aBT31-6/1998-1F-PDF |
| 110 | 1 |aCanada. |bConseil du trésor. |
| 245 | 10|aRepenser le rôle de l'État : |h[ressource électronique]|bun gouvernement pour les canadiens |
| 260 | |aOttawa - Ontario : |bSecrétariat du Conseil du Trésor du Canada |c20 février, 1997. |
| 300 | |a25p.|bgraphiques, tableaux |
| 500 | |aLe n° de catalogue (BT31-6/1998-1) et l'ISBN (0-660-60191-5) de l'édition imprimée bilingue ont été incorrectement copiés dans l'édition pdf. |
| 590 | |a12-34-Supp|b2012-07-31 |
| 775 | 08|tGetting government right : |w(CaOODSP)9.696525 |
| 856 | 40|ahttp://publications.gc.ca|qPDF|s429 Ko|uhttps://publications.gc.ca/collections/collection_2012/bcp-pco/BT31-6-1998-1-fra.pdf |